000 01891cam a22004214i 4500
003 PE-LiUPU
005 20250731172743.0
008 150617s r 000 0 d
035 _a(Sirsi) a12137
040 _aPE-LiUPU
_bspa
_cPE-LiUPU
_erda
049 _aPRUA
082 0 4 _a220.1
_bS378b
_223
100 1 _aSchreiner, Josef,
_eautor.
245 1 3 _aLa biblia, ¿Palabra de Dios o de los hombres? /
_cJosef Schreiner.
264 1 _aVizcaya :
_bEdiciones Paulinas,
_c1970.
300 _a160 páginas ;
_c18 centímetros.
336 _atext
_2rdacontent
337 _aunmediated
_2rdamedia
338 _avolume
_2rdacarrier
490 0 _a(Opinión y certeza ;
_v5)
505 0 _aUn mundo completamente diverso -- Como imagina la biblia al mundo -- Como presenta la historia el antiguo testamento -- El insólito modo de expresarse el antiguo testamento -- ¿Hay dos éticas en la biblia? -- La relación existencial -- El nuevo testamento es el cumplimiento del antiguo -- Los conceptos religiosos comunes -- Las verdades de fe supuestas por el nuevo testamento -- Descripción de la salvación nueva -- Una pregunta a la iglesia -- Mirada retrospectiva a la historia de la exégesis -- La nueva orientación -- La tarea y los principales resultados -- Una pregunta que preocupa a muchos lectores -- Hechos que deben ser considerados seriamente -- El testimonio de la biblia -- La contribución del medioevo -- La cuestión en la época de la reforma.
526 _aSEG42
526 _aSEG41
526 _aSEG40
526 _aSEG39
526 _aP94
526 _aP87
526 _aP86
526 _aP85
526 _aP77
526 _aP76
526 _aP35
630 1 4 _aBiblia
_xCrítica e interpretación.
910 _ajck
942 _2ddc
_cBK
999 _c2362
_d2362
980 _81
_gALBERTO SANCHEZ Responsable de Automatización